000 00222nam a22000857a 4500
008 160712b xxu||||| |||| 00| 0 eng d
100 _92636
_a Scudder, C.W
245 _aDanger Ahead!
260 _aTennessee
_b Broadman Press
_c1961
999 _c2290
_d2290